000 00427nam a2200181Ia 4500
008 151202s9999||||xx |||||||||||||| ||und||
082 _bPNVM-29485
100 _aFARRAR DEAN.
245 _aLIFE OF CHRIST.
260 _b"CASSELL & CO,LONDON."
260 _c1909
300 _a550
600 _aFARRAR DEAN.
630 _aLIFE OF CHRIST.
700 _aFARRAR DEAN.
730 _aLIFE OF CHRIST.
942 _cBOOK
999 _c1295450
_d1295447